00935nam a22002055i 4500001000700000003000900007005001700016008004100033040002000074100003500094245005800129260007500187300003600262490009800298650004500396830010600441852003700547999001900584952012600603157676ES-MaACL20230906210814.0040811s1890 xxu |||| | eng d aCAM bspa cCAM1 aLewis, William Draper.912892410aOur sheep and the tariff / cby William Draper Lewis. aPhiladelphia : bpublished by The University of Pa. Press Co., c1890. a158 p., [5] h. pleg. ; c22 cm.1 aPublications of the University of Pennsylvania. Political economy and public law series ; v2 4aLana-xTarifas-zEstados Unidos.91363390 aPublications of the University of Pennsylvania. Political economy and public law series ; v29221812 aES-MaACLjG-14123 z-- Enc. hol. c157676d157676 001040708LIBXIXaATENEOMbATENEOMcSPP3d2008-01-17eSSCl0oG-14123p1165004r2023-02-23 00:00:00w2023-02-23yMONANT